|
|
|
|
| LEADER |
00000nab a2200000 a 4500 |
| 001 |
vtls000918895 |
| 003 |
SK-MaSNL |
| 005 |
20260303224001.0 |
| 008 |
040720e19930628xo 0 slo |
| 035 |
|
|
|a KE27772
|
| 040 |
|
|
|a KEVKJB
|b slo
|c KEVKJB
|e AACR2
|
| 041 |
0 |
|
|a slo
|
| 044 |
|
|
|a xo
|c SK
|
| 080 |
|
|
|a 362.11/.12
|2 1981
|
| 100 |
1 |
|
|a Nováková, Jola
|4 aut
|9 845816
|
| 245 |
1 |
0 |
|a Kdeže vzdušné zámky
|b Počítačová technika si razí cestu aj v medicíne
|
| 610 |
2 |
7 |
|a Fakultná nemocnica s poliklinikou, Rastislavova ul. (Košice, Slovensko)
|2 KEVKJB
|9 29649
|
| 610 |
2 |
7 |
|a FNsP
|2 KEVKJB
|9 1243208
|
| 650 |
0 |
7 |
|a výpočtová technika
|2 KEVKJB
|9 1126
|
| 650 |
0 |
7 |
|a zavádzanie
|2 KEVKJB
|9 882872
|
| 650 |
0 |
7 |
|a skúsenosti
|2 KEVKJB
|9 342765
|
| 651 |
|
7 |
|a KE,
|2 KEVKJB
|9 877256
|
| 655 |
|
7 |
|a periodikum
|2 snkbucl
|9 29553
|
| 710 |
2 |
|
|a Fakultná nemocnica s poliklinikou, Rastislavova ul. (Košice, Slovensko)
|4 aut
|9 29649
|
| 773 |
0 |
8 |
|t Lúč
|g Roč. 2, č.148, 28.6.1993, s. 4
|
| 852 |
|
|
|a ZVYKNI
|b KIS3GCP
|
| 999 |
|
|
|c 2250113
|d 2252043
|